000 00697nam a22002057a 4500
005 20100809104027.0
010 _aENG-99046
020 _c70.00
035 _aEN-82578
037 _bDBAD/PUB
082 _aS
100 _aNeelambari
_98984
245 _aSpace shuttle angaraka :
_band other stories /
_cby Neelambari; translated by Sahana
260 _aBangalore
_bInchara Prakashana
_c2009
270 _aNo. 167, 10th Main, 3rd Phase, Peenya Industrial Area
_bBangalore
_e560058
300 _a128p.:
_bill.
_c18cm (pbk)
700 _aSahana
_98985
942 _2ddc
_cEN
_hS
_mNEE
999 _c40230
_d40230